000 00364nam a22001577a 4500
003 OSt
005 20240330110114.0
008 210916b xxu||||| |||| 00| 0 eng d
020 _a 9789382024880
040 _cSERIOSOFT
100 _aSINGH OMKAR
245 _aFUNDAMANTALS OF PLANT BREEDING
260 _aMEERUT
_bRAMA
_c2021
300 _a456
942 _2ddc
_c02
999 _c50856
_d50856